Obras de Pedro Espinosa / (Record no. 60720)
[ view plain ]
| 000 -LEADER | |
|---|---|
| campo de control de longitud fija | 01148nam a2200241 i 4500 |
| 001 - NÚMERO DE CONTROL | |
| campo de control | 60720 |
| 003 - IDENTIFICADOR DE NÚMERO DE CONTROL | |
| campo de control | ES-MaACL |
| 005 - FECHA Y HORA DE LA ÚLTIMA TRANSACCIÓN | |
| campo de control | 20251120142804.0 |
| 007 - CAMPO FIJO DE DESCRIPCIÓN FÍSICA--INFORMACIÓN GENERAL | |
| campo de control de longitud fija | t| |
| 008 - DATOS DE LONGITUD FIJA--INFORMACIÓN GENERAL | |
| campo de control de longitud fija | 031106s1909 sp ||||1| spa d |
| 100 1# - ENTRADA PRINCIPAL--NOMBRE DE PERSONA | |
| Nombre de persona | Espinosa, Pedro. |
| 9 (RLIN) | 47898 |
| 245 10 - MENCIÓN DEL TÍTULO | |
| Título | Obras de Pedro Espinosa / |
| Mención de responsabilidad, etc. | coleccionadas y anotadas por D. Francisco Rodríguez Marín ; complemento de la Memoria sobre Espinosa que premió la Real Academia Española, impreso igualmente a sus expensas. |
| 260 ## - PUBLICACIÓN, DISTRIBUCIÓN, ETC. | |
| Lugar de publicación, distribución, etc. | Madrid : |
| Nombre del editor, distribuidor, etc. | [s.n.], |
| Fecha de publicación, distribución, etc. | 1909 ( |
| Fabricante | Tip. de la Revista de Archivos) |
| 300 ## - DESCRIPCIÓN FÍSICA | |
| Extensión | VIII, 137 p. ; |
| Dimensiones | 28 cm. |
| 505 8# - NOTA DE CONTENIDO CON FORMATO | |
| Nota de contenido con formato | Contiene: Poesías . Obras en prosa . Adiciones y enmiendas al estudio biográfico, bibliográfico y crítico sobre Pedro Espinosa . Glosario |
| 530 ## - NOTA DISPONIBLE DE FORMULARIO FÍSICO ADICIONAL | |
| Nota de formato físico adicional disponible | Disponible en formato digital. |
| 700 1# - ENTRADA AGREGADA--NOMBRE PERSONAL | |
| Nombre de persona | Rodríguez Marín, Francisco, |
| Fechas asociadas al nombre | 1855-1943 |
| 9 (RLIN) | 98634 |
| 710 2# - ENTRADA AGREGADA--NOMBRE DE ENTIDAD CORPORATIVA | |
| Nombre de entidad corporativa o nombre de jurisdicción como elemento de entrada | Real Academia Española |
| 9 (RLIN) | 6336 |
| 852 ## - LOCALIZACIÓN | |
| Ubicación | ES-MaACL |
| Número de control de estantería | F-2221 |
| Ubicación en estantería | Depósito 2 |
| Nota libre | Revisado enlace: 21 de julio de 2025 |
| 856 4# - LOCALIZACIÓN Y ACCESO ELECTRÓNICOS | |
| Identificador Uniforme de Recursos | <a href="https://bibliotecadigital.jcyl.es/es/consulta/registro.do?id=21929">https://bibliotecadigital.jcyl.es/es/consulta/registro.do?id=21929</a> |
| Texto de enlace | Biblioteca Digital de Castilla y León |
| 942 ## - ELEMENTOS DE ENTRADA SECUNDARIOS (KOHA) | |
| Fuente del sistema de clasificación o colocación | Clasificación decimal universal |
| Estatus retirado | Estado de pérdida | Estado de daño | No para préstamo | Colección | Biblioteca de origen | Biblioteca actual | Ubicación en estantería | Fecha de adquisición | Fuente de adquisición | Total de préstamos | Signatura topográfica completa | Código de barras | Visto por última vez | Precio de reemplazo | Tipo de ítem Koha |
|---|---|---|---|---|---|---|---|---|---|---|---|---|---|---|---|
| Colección digital | Biblioteca del Ateneo de Madrid | Biblioteca del Ateneo de Madrid | Depósito 2 | 17/01/2008 | F-2221 | 1063678 | 23/02/2023 | 23/02/2023 | Libro impreso |
